[Event "DVM U12 2024"]
[Site "Heidelberg GER"]
[Date "2024.12.27"]
[Round "2"]
[White "Liu, Zichen"]
[Black "Luft, Felix"]
[Result "1-0"]
[Termination "normal"]
[Board "8.3"]
[WhiteElo "1563"]
[BlackElo "1294"]
[WhiteClock "00:54:27"]
[BlackClock "00:56:49"]
[WhiteTeam "SK Bebenhausen 1992"]
[BlackTeam "Karlsruher SF 1853"]
[PlyCount "73"]
[WhiteFideId "34659366"]
[EventCountry "GER"]
[EventRounds "7"]
[EventType "team-swiss"]
[EventDate "2024.12.26"]

1. e4 {[%clk 01:30:59]} {[%emt 00:00:01]} e5 {[%clk 01:30:50]} {[%emt
00:00:10]} 2. Nf3 {[%clk 01:30:17]} {[%emt 00:01:12]} Nc6 {[%clk 01:31:03]}
{[%emt 00:00:18]} 3. Bc4 {[%clk 01:29:48]} {[%emt 00:00:58]} Bc5 {[%clk
01:31:25]} {[%emt 00:00:08]} 4. c3 {[%clk 01:29:12]} {[%emt 00:01:06]} Nf6
{[%clk 01:31:34]} {[%emt 00:00:20]} 5. d4 {[%clk 01:28:29]} {[%emt 00:01:14]}
exd4 {[%clk 01:31:47]} {[%emt 00:00:18]} 6. cxd4 {[%clk 01:28:08]} {[%emt
00:00:51]} Bb4+ {[%clk 01:31:59]} {[%emt 00:00:18]} 7. Bd2 {[%clk 01:27:38]}
{[%emt 00:00:59]} Bxd2+ {[%clk 01:32:08]} {[%emt 00:00:22]} 8. Nbxd2 {[%clk
01:27:36]} {[%emt 00:00:32]} d5 {[%clk 01:32:00]} {[%emt 00:00:38]} 9. exd5
{[%clk 01:26:31]} {[%emt 00:01:35]} Nxd5 {[%clk 01:32:14]} {[%emt 00:00:16]}
10. Qb3 {[%clk 01:24:45]} {[%emt 00:02:16]} Na5 {[%clk 01:21:34]} {[%emt
00:11:08]} 11. Qa4+ {[%clk 01:24:24]} {[%emt 00:00:53]} c6 {[%clk 01:21:14]}
{[%emt 00:00:50]} 12. Bxd5 {[%clk 01:23:51]} {[%emt 00:01:04]} Qxd5 {[%clk
01:21:29]} {[%emt 00:00:14]} 13. O-O {[%clk 01:23:09]} {[%emt 00:01:11]} O-O
{[%clk 01:20:26]} {[%emt 00:01:33]} 14. Rfe1 {[%clk 01:22:17]} {[%emt
00:01:22]} Bf5 {[%clk 01:18:43]} {[%emt 00:02:13]} 15. Re5 {[%clk 01:21:58]}
{[%emt 00:00:49]} Qd7 {[%clk 01:07:02]} {[%emt 00:12:12]} 16. Qxa5 {[%clk
01:20:10]} {[%emt 00:02:18]} b6 {[%clk 01:05:46]} {[%emt 00:01:46]} 17. Qc3
{[%clk 01:18:23]} {[%emt 00:02:16]} Bg6 {[%clk 01:04:46]} {[%emt 00:01:30]} 18.
Rae1 {[%clk 01:15:03]} {[%emt 00:03:50]} Rfe8 {[%clk 01:04:10]} {[%emt
00:01:06]} 19. Rxe8+ {[%clk 01:13:11]} {[%emt 00:02:23]} Rxe8 {[%clk 01:04:31]}
{[%emt 00:00:09]} 20. Rxe8+ {[%clk 01:13:30]} {[%emt 00:00:11]} Qxe8 {[%clk
01:04:53]} {[%emt 00:00:07]} 21. Ne5 {[%emt 00:01:27]} f6 {[%clk 01:04:56]}
{[%emt 00:00:24]} 22. Qc4+ {[%clk 01:12:02]} {[%emt 00:01:02]} Kh8 {[%clk
01:04:49]} {[%emt 00:00:38]} 23. Nxg6+ {[%clk 01:12:12]} {[%emt 00:00:20]} hxg6
{[%clk 01:05:01]} {[%emt 00:00:18]} 24. Nf3 {[%clk 01:11:23]} {[%emt 00:01:20]}
Qe4 {[%clk 01:04:23]} {[%emt 00:01:08]} 25. Qc1 {[%clk 01:07:49]} {[%emt
00:04:02]} Qd5 {[%clk 01:03:43]} {[%emt 00:01:12]} 26. b3 {[%clk 01:06:05]}
{[%emt 00:02:16]} g5 {[%clk 01:02:56]} {[%emt 00:01:16]} 27. h3 {[%clk
01:04:58]} {[%emt 00:01:36]} Qa5 {[%clk 01:02:13]} {[%emt 00:01:13]} 28. Qd2
{[%clk 01:03:26]} {[%emt 00:02:02]} Qf5 {[%clk 01:01:12]} {[%emt 00:01:30]} 29.
Qc1 {[%clk 00:58:42]} {[%emt 00:05:15]} Qd5 {[%clk 01:01:21]} {[%emt 00:00:21]}
30. Qc2 {[%emt 00:04:07]} Qa5 {[%clk 00:57:36]} {[%emt 00:03:18]} 31. Qxc6
{[%clk 00:55:45]} {[%emt 00:00:48]} Qxa2 {[%clk 00:57:51]} {[%emt 00:00:15]}
32. d5 {[%clk 00:55:42]} {[%emt 00:00:33]} Qxb3 {[%clk 00:57:09]} {[%emt
00:01:12]} 33. d6 {[%clk 00:55:37]} {[%emt 00:00:35]} Qe6 {[%clk 00:57:04]}
{[%emt 00:00:35]} 34. Qc7 {[%clk 00:54:26]} {[%emt 00:01:40]} a5 {[%clk
00:56:38]} {[%emt 00:00:57]} 35. d7 {[%clk 00:54:28]} {[%emt 00:00:29]} a4
{[%clk 00:56:37]} {[%emt 00:00:32]} 36. d8=Q+ {[%clk 00:54:26]} {[%emt
00:00:31]} Kh7 {[%clk 00:56:49]} {[%emt 00:00:17]} 37. Qc2+ {[%clk 00:54:27]}
1-0

[Event "DVM U12 2024"]
[Site "Heidelberg GER"]
[Date "2024.12.27"]
[Round "2"]
[White "Mao, Leo"]
[Black "Rudolph, Simon"]
[Result "1-0"]
[Termination "normal"]
[Board "9.1"]
[WhiteElo "1753"]
[BlackElo "1614"]
[WhiteClock "00:43:48"]
[BlackClock "00:52:47"]
[WhiteTeam "SC Erlangen 48/88"]
[BlackTeam "SC Leipzig-Lindenau"]
[PlyCount "73"]
[WhiteFideId "533009112"]
[BlackFideId "34617078"]
[EventCountry "GER"]
[EventRounds "7"]
[EventType "team-swiss"]
[EventDate "2024.12.26"]

1. Nf3 {[%clk 01:30:57]} {[%emt 00:00:02]} d5 {[%clk 01:30:47]} {[%emt
00:00:14]} 2. d4 {[%clk 01:31:21]} {[%emt 00:00:06]} e6 {[%clk 01:30:59]}
{[%emt 00:00:18]} 3. e3 {[%clk 01:31:31]} {[%emt 00:00:19]} Bd6 {[%clk
01:30:53]} {[%emt 00:00:36]} 4. Bd3 {[%clk 01:31:44]} {[%emt 00:00:16]} b6
{[%clk 01:31:04]} {[%emt 00:00:20]} 5. Nbd2 {[%clk 01:29:54]} {[%emt 00:02:20]}
Nf6 {[%clk 01:31:23]} {[%emt 00:00:12]} 6. e4 {[%clk 01:27:08]} {[%emt
00:03:16]} dxe4 {[%clk 01:30:07]} {[%emt 00:01:46]} 7. Nxe4 {[%clk 01:26:51]}
{[%emt 00:00:46]} Be7 {[%clk 01:28:57]} {[%emt 00:01:40]} 8. Nxf6+ {[%clk
01:25:14]} {[%emt 00:02:07]} Bxf6 {[%clk 01:29:18]} {[%emt 00:00:10]} 9. Be4
{[%clk 01:25:34]} {[%emt 00:00:09]} c6 {[%clk 01:29:42]} {[%emt 00:00:07]} 10.
Bf4 {[%clk 01:25:08]} {[%emt 00:00:49]} Bb7 {[%clk 01:28:37]} {[%emt 00:01:40]}
11. c3 {[%clk 01:23:53]} {[%emt 00:01:47]} Qd7 {[%clk 01:28:12]} {[%emt
00:00:55]} 12. Qa4 {[%clk 01:12:27]} {[%emt 00:11:56]} b5 {[%clk 01:27:19]}
{[%emt 00:01:24]} 13. Qc2 {[%clk 01:11:19]} {[%emt 00:01:37]} h6 {[%clk
01:27:18]} {[%emt 00:00:30]} 14. O-O {[%clk 01:10:16]} {[%emt 00:01:34]} O-O
{[%clk 01:27:36]} {[%emt 00:00:12]} 15. Qd3 {[%clk 01:08:18]} {[%emt 00:02:05]}
g5 {[%clk 01:25:49]} {[%emt 00:02:39]} 16. Be5 {[%clk 01:03:01]} {[%emt
00:05:46]} Qe7 {[%clk 01:22:24]} {[%emt 00:03:56]} 17. Qe3 {[%clk 00:57:44]}
{[%emt 00:05:45]} Nd7 {[%clk 01:20:40]} {[%emt 00:02:17]} 18. h4 {[%clk
00:54:43]} {[%emt 00:03:31]} Bxe5 {[%clk 01:07:33]} {[%emt 00:13:38]} 19. dxe5
{[%clk 00:54:37]} {[%emt 00:00:35]} Nc5 {[%clk 01:06:53]} {[%emt 00:01:11]} 20.
Bc2 {[%clk 00:53:54]} {[%emt 00:01:09]} Nd7 {[%clk 01:05:54]} {[%emt 00:01:33]}
21. Qe4 {[%clk 00:53:32]} {[%emt 00:00:52]} f5 {[%clk 01:05:36]} {[%emt
00:00:48]} 22. exf6 {[%clk 00:51:55]} {[%emt 00:02:07]} Nxf6 {[%clk 01:05:23]}
{[%emt 00:00:42]} 23. Qg6+ {[%clk 00:52:01]} {[%emt 00:00:24]} Qg7 {[%clk
01:05:38]} {[%emt 00:00:15]} 24. hxg5 {[%clk 00:51:22]} {[%emt 00:01:09]} Qxg6
{[%clk 01:05:34]} {[%emt 00:00:34]} 25. Bxg6 {[%clk 00:51:46]} {[%emt
00:00:06]} hxg5 {[%clk 01:03:16]} {[%emt 00:02:48]} 26. Nxg5 {[%clk 00:51:51]}
{[%emt 00:00:24]} Kg7 {[%clk 01:02:41]} {[%emt 00:01:05]} 27. Bc2 {[%clk
00:51:56]} {[%emt 00:00:25]} Rae8 {[%clk 01:02:40]} {[%emt 00:00:31]} 28. Rfe1
{[%clk 00:50:42]} {[%emt 00:01:44]} e5 {[%clk 01:00:17]} {[%emt 00:02:53]} 29.
Rad1 {[%clk 00:49:22]} {[%emt 00:01:48]} c5 {[%clk 00:57:43]} {[%emt 00:03:07]}
30. Rd6 {[%clk 00:46:48]} {[%emt 00:03:02]} e4 {[%clk 00:53:50]} {[%emt
00:04:25]} 31. Ne6+ {[%clk 00:46:07]} {[%emt 00:01:10]} Rxe6 {[%clk 00:53:37]}
{[%emt 00:00:43]} 32. Rxe6 {[%clk 00:46:32]} {[%emt 00:00:05]} Kf7 {[%clk
00:53:24]} {[%emt 00:00:40]} 33. Re5 {[%clk 00:46:09]} {[%emt 00:00:55]} Rg8
{[%clk 00:53:11]} {[%emt 00:00:43]} 34. Rxc5 {[%clk 00:45:47]} {[%emt
00:00:53]} Kf8 {[%clk 00:52:58]} {[%emt 00:00:43]} 35. Rxb5 {[%clk 00:45:29]}
{[%emt 00:00:49]} Rg7 {[%clk 00:53:14]} {[%emt 00:00:14]} 36. Rf5 {[%clk
00:44:23]} {[%emt 00:01:36]} Rg6 {[%clk 00:52:47]} {[%emt 00:00:57]} 37. Bxe4
{[%clk 00:43:48]} {[%emt 00:01:05]} 1-0

[Event "DVM U12 2024"]
[Site "Heidelberg GER"]
[Date "2024.12.27"]
[Round "2"]
[White "Hübler, Lennis"]
[Black "Martin Fernandez, Félix"]
[Result "1/2-1/2"]
[Termination "normal"]
[Board "9.2"]
[WhiteElo "1261"]
[BlackElo "1624"]
[WhiteClock "00:23:59"]
[BlackClock "00:31:40"]
[WhiteTeam "SC Leipzig-Lindenau"]
[BlackTeam "SC Erlangen 48/88"]
[PlyCount "89"]
[WhiteFideId "34693432"]
[BlackFideId "34605622"]
[EventCountry "GER"]
[EventRounds "7"]
[EventType "team-swiss"]
[EventDate "2024.12.26"]

1. e4 {[%emt 00:00:07]} c5 {[%clk 01:30:57]} 2. c3 {[%clk 01:31:15]} {[%emt
00:00:11]} Nf6 {[%clk 01:31:14]} {[%emt 00:00:13]} 3. e5 {[%clk 01:31:22]}
{[%emt 00:00:23]} Nd5 {[%clk 01:31:37]} {[%emt 00:00:06]} 4. Bc4 {[%clk
01:31:20]} {[%emt 00:00:32]} Nb6 {[%clk 01:32:00]} {[%emt 00:00:07]} 5. Bb3
{[%clk 01:31:27]} {[%emt 00:00:23]} g6 {[%clk 01:31:37]} {[%emt 00:00:54]} 6.
d4 {[%clk 01:30:44]} {[%emt 00:01:13]} cxd4 {[%clk 01:32:00]} {[%emt 00:00:07]}
7. cxd4 {[%clk 01:30:44]} {[%emt 00:00:31]} Bg7 {[%clk 01:32:15]} {[%emt
00:00:14]} 8. Nf3 {[%clk 01:30:20]} {[%emt 00:00:53]} Nc6 {[%clk 01:32:01]}
{[%emt 00:00:44]} 9. O-O {[%clk 01:30:04]} {[%emt 00:00:46]} O-O {[%clk
01:32:18]} {[%emt 00:00:14]} 10. Be3 {[%clk 01:28:20]} {[%emt 00:02:14]} d6
{[%clk 01:30:51]} {[%emt 00:01:57]} 11. exd6 {[%clk 01:26:50]} {[%emt
00:02:00]} Qxd6 {[%clk 01:31:13]} {[%emt 00:00:07]} 12. Nc3 {[%clk 01:26:00]}
{[%emt 00:01:20]} Na5 {[%clk 01:27:10]} {[%emt 00:04:34]} 13. Re1 {[%clk
01:23:06]} {[%emt 00:03:22]} Nxb3 {[%clk 01:27:24]} {[%emt 00:00:17]} 14. Qxb3
{[%clk 01:23:00]} {[%emt 00:00:36]} Be6 {[%clk 01:26:12]} {[%emt 00:01:42]} 15.
Qd1 {[%clk 01:20:08]} {[%emt 00:03:22]} Nc4 {[%clk 01:24:55]} {[%emt 00:01:47]}
16. Bg5 {[%clk 01:15:23]} {[%emt 00:05:14]} Rfe8 {[%clk 01:19:47]} {[%emt
00:05:38]} 17. b3 {[%clk 01:08:27]} {[%emt 00:07:27]} Nb6 {[%clk 01:18:49]}
{[%emt 00:01:27]} 18. Nb5 {[%clk 01:06:58]} {[%emt 00:01:59]} Qc6 {[%clk
01:18:25]} {[%emt 00:00:54]} 19. Na3 {[%clk 01:02:44]} {[%emt 00:04:43]} Nd5
{[%clk 01:10:35]} {[%emt 00:08:21]} 20. Rc1 {[%clk 01:00:29]} {[%emt 00:02:43]}
Qa6 {[%clk 01:09:01]} {[%emt 00:02:07]} 21. Nc4 {[%clk 00:54:09]} {[%emt
00:06:47]} b5 {[%clk 01:08:11]} {[%emt 00:01:22]} 22. Ne3 {[%clk 00:53:33]}
{[%emt 00:01:06]} Nxe3 {[%clk 01:06:16]} {[%emt 00:02:26]} 23. fxe3 {[%clk
00:51:48]} {[%emt 00:01:09]} Qxa2 {[%clk 01:06:06]} {[%emt 00:01:45]} 24. d5
{[%clk 00:49:52]} {[%emt 00:02:26]} Bg4 {[%clk 01:04:43]} {[%emt 00:01:53]} 25.
e4 {[%clk 00:48:31]} {[%emt 00:01:51]} Qa5 {[%clk 01:03:58]} {[%emt 00:01:13]}
26. Qd2 {[%clk 00:47:02]} {[%emt 00:02:01]} Qxd2 {[%clk 01:04:17]} {[%emt
00:00:11]} 27. Bxd2 {[%clk 00:47:02]} {[%emt 00:00:30]} Rac8 {[%clk 01:03:28]}
{[%emt 00:01:19]} 28. Be3 {[%clk 00:46:40]} {[%emt 00:00:52]} a6 {[%clk
01:01:24]} {[%emt 00:02:34]} 29. h3 {[%emt 00:01:34]} Bxf3 {[%emt 00:00:23]}
30. gxf3 {[%clk 00:44:52]} {[%emt 00:00:20]} Rc3 {[%clk 01:01:10]} {[%emt
00:00:45]} 31. Rxc3 {[%clk 00:43:54]} {[%emt 00:01:27]} Bxc3 {[%clk 01:01:35]}
{[%emt 00:00:05]} 32. Rc1 {[%clk 00:43:40]} {[%emt 00:00:44]} b4 {[%clk
01:01:48]} {[%emt 00:00:18]} 33. Kf2 {[%clk 00:42:09]} {[%emt 00:02:00]} Kg7
{[%clk 01:01:56]} {[%emt 00:00:22]} 34. Ke2 {[%clk 00:41:59]} {[%emt 00:00:41]}
Kf6 {[%clk 00:53:00]} {[%emt 00:09:26]} 35. Kd3 {[%clk 00:41:16]} {[%emt
00:01:09]} Rc8 {[%clk 00:43:16]} {[%emt 00:10:18]} 36. f4 {[%clk 00:37:53]}
{[%emt 00:03:52]} e6 {[%clk 00:36:54]} {[%emt 00:06:53]} 37. e5+ {[%clk
00:34:06]} {[%emt 00:04:16]} Ke7 {[%clk 00:35:55]} {[%emt 00:01:30]} 38. d6+
{[%clk 00:33:34]} {[%emt 00:01:02]} Kd7 {[%clk 00:36:10]} {[%emt 00:00:15]} 39.
Bd2 {[%clk 00:30:08]} {[%emt 00:03:56]} f6 {[%clk 00:33:47]} {[%emt 00:02:53]}
40. Bxc3 {[%clk 00:27:32]} {[%emt 00:03:06]} Rxc3+ {[%clk 00:30:39]} {[%emt
00:03:38]} 41. Rxc3 {[%clk 00:27:42]} {[%emt 00:00:20]} bxc3 {[%emt 00:00:08]}
42. Kxc3 {[%clk 00:23:01]} {[%emt 00:05:06]} fxe5 {[%clk 00:30:54]} {[%emt
00:00:43]} 43. fxe5 {[%clk 00:23:21]} {[%emt 00:00:10]} g5 {[%clk 00:31:16]}
{[%emt 00:00:07]} 44. Kd3 {[%clk 00:23:38]} {[%emt 00:00:13]} h5 {[%clk
00:31:40]} {[%emt 00:00:06]} 45. Ke3 {[%clk 00:23:59]} {[%emt 00:00:08]}
1/2-1/2

[Event "DVM U12 2024"]
[Site "Heidelberg GER"]
[Date "2024.12.27"]
[Round "2"]
[White "Satti, Shahroz"]
[Black "Kühn, David"]
[Result "1-0"]
[Termination "normal"]
[Board "9.3"]
[WhiteElo "1525"]
[BlackElo "1003"]
[WhiteClock "01:06:15"]
[BlackClock "01:05:02"]
[WhiteTeam "SC Erlangen 48/88"]
[BlackTeam "SC Leipzig-Lindenau"]
[PlyCount "53"]
[WhiteFideId "34665331"]
[EventCountry "GER"]
[EventRounds "7"]
[EventType "team-swiss"]
[EventDate "2024.12.26"]

1. d4 {[%clk 01:30:43]} {[%emt 00:00:16]} d5 {[%clk 01:30:56]} {[%emt
00:00:05]} 2. Nf3 {[%clk 01:31:06]} {[%emt 00:00:07]} Nc6 {[%clk 01:31:14]}
{[%emt 00:00:12]} 3. g3 {[%clk 01:31:23]} {[%emt 00:00:12]} Bf5 {[%clk
01:31:11]} {[%emt 00:00:33]} 4. a3 {[%clk 01:31:29]} {[%emt 00:00:25]} e6
{[%clk 01:31:31]} {[%emt 00:00:10]} 5. Bg2 {[%clk 01:31:19]} {[%emt 00:00:39]}
h6 {[%clk 01:31:33]} {[%emt 00:00:28]} 6. Nbd2 {[%clk 01:31:21]} {[%emt
00:00:29]} Bd6 {[%clk 01:31:11]} {[%emt 00:00:51]} 7. c4 {[%clk 01:31:30]}
{[%emt 00:00:21]} dxc4 {[%clk 01:30:44]} {[%emt 00:00:57]} 8. Nxc4 {[%clk
01:31:48]} {[%emt 00:00:12]} Nf6 {[%clk 01:28:37]} {[%emt 00:02:37]} 9. Nh4
{[%clk 01:31:32]} {[%emt 00:00:45]} Bh7 {[%clk 01:28:47]} {[%emt 00:00:20]} 10.
Qa4 {[%clk 01:30:49]} {[%emt 00:01:12]} Be4 {[%clk 01:28:14]} {[%emt 00:01:05]}
11. Nf3 {[%clk 01:29:49]} {[%emt 00:01:30]} a6 {[%clk 01:28:01]} {[%emt
00:00:43]} 12. Nce5 {[%clk 01:29:42]} {[%emt 00:00:36]} O-O {[%clk 01:27:50]}
{[%emt 00:00:42]} 13. O-O {[%clk 01:28:37]} {[%emt 00:01:33]} Qe8 {[%clk
01:20:57]} {[%emt 00:07:27]} 14. Qd1 {[%clk 01:23:30]} {[%emt 00:05:36]} Rd8
{[%clk 01:20:39]} {[%emt 00:00:48]} 15. Nc4 {[%clk 01:18:46]} {[%emt 00:05:11]}
Bc5 {[%clk 01:20:04]} {[%emt 00:01:07]} 16. e3 {[%clk 01:18:24]} {[%emt
00:00:53]} Ba7 {[%clk 01:20:08]} {[%emt 00:00:26]} 17. b4 {[%clk 01:17:37]}
{[%emt 00:01:17]} b5 {[%clk 01:19:09]} {[%emt 00:01:28]} 18. Ncd2 {[%clk
01:17:03]} {[%emt 00:01:04]} Bd3 {[%clk 01:17:14]} {[%emt 00:02:25]} 19. Re1
{[%clk 01:16:56]} {[%emt 00:00:38]} Bh7 {[%clk 01:16:49]} {[%emt 00:00:51]} 20.
Bb2 {[%clk 01:14:11]} {[%emt 00:03:18]} Ng4 {[%clk 01:15:41]} {[%emt 00:01:34]}
21. h3 {[%clk 01:12:54]} {[%emt 00:01:50]} Nf6 {[%clk 01:15:18]} {[%emt
00:00:55]} 22. Ne5 {[%clk 01:06:10]} {[%emt 00:07:11]} Nxe5 {[%clk 01:08:45]}
{[%emt 00:07:06]} 23. dxe5 {[%clk 01:06:29]} {[%emt 00:00:11]} Be4 {[%clk
01:07:53]} {[%emt 00:01:21]} 24. exf6 {[%clk 01:06:23]} {[%emt 00:00:35]} gxf6
{[%clk 01:07:48]} {[%emt 00:00:36]} 25. Bxf6 {[%clk 01:06:19]} {[%emt
00:00:34]} Rd6 {[%clk 01:06:02]} {[%emt 00:02:16]} 26. Bxe4 {[%clk 01:06:12]}
{[%emt 00:00:38]} h5 {[%clk 01:05:02]} {[%emt 00:01:30]} 27. Qxh5 {[%clk
01:06:15]} {[%emt 00:00:52]} 1-0

[Event "DVM U12 2024"]
[Site "Heidelberg GER"]
[Date "2024.12.27"]
[Round "2"]
[White "Hübler, Leonas"]
[Black "Ramayanam, Nithya"]
[Result "0-1"]
[Termination "normal"]
[Board "9.4"]
[WhiteElo "920"]
[BlackElo "1555"]
[WhiteClock "01:15:49"]
[BlackClock "01:20:31"]
[WhiteTeam "SC Leipzig-Lindenau"]
[BlackTeam "SC Erlangen 48/88"]
[PlyCount "109"]
[WhiteFideId "533025711"]
[BlackFideId "533004250"]
[EventCountry "GER"]
[EventRounds "7"]
[EventType "team-swiss"]
[EventDate "2024.12.26"]

1. e4 {[%clk 01:30:57]} {[%emt 00:00:03]} e5 {[%clk 01:31:21]} {[%emt
00:00:09]} 2. Nf3 {[%clk 01:31:19]} {[%emt 00:00:08]} Nc6 {[%clk 01:31:49]}
{[%emt 00:00:02]} 3. Bc4 {[%clk 01:31:35]} {[%emt 00:00:14]} Nf6 {[%clk
01:32:05]} {[%emt 00:00:14]} 4. Nc3 {[%clk 01:31:56]} {[%emt 00:00:09]} Nxe4
{[%clk 01:32:25]} {[%emt 00:00:10]} 5. Nxe4 {[%clk 01:32:10]} {[%emt 00:00:15]}
d5 {[%clk 01:32:39]} {[%emt 00:00:17]} 6. Bxd5 {[%clk 01:32:20]} {[%emt
00:00:20]} Qxd5 {[%clk 01:33:04]} {[%emt 00:00:03]} 7. Nc3 {[%clk 01:32:33]}
{[%emt 00:00:18]} Qd8 {[%clk 01:33:17]} {[%emt 00:00:17]} 8. d3 {[%clk
01:32:14]} {[%emt 00:00:48]} Bg4 {[%clk 01:33:24]} {[%emt 00:00:24]} 9. h3
{[%clk 01:32:30]} {[%emt 00:00:15]} Bh5 {[%clk 01:32:14]} {[%emt 00:01:38]} 10.
O-O {[%clk 01:31:51]} {[%emt 00:01:10]} Nd4 {[%clk 01:32:12]} {[%emt 00:00:33]}
11. g4 {[%clk 01:29:34]} {[%emt 00:02:45]} Nxf3+ {[%clk 01:32:01]} {[%emt
00:00:41]} 12. Qxf3 {[%clk 01:29:45]} {[%emt 00:00:19]} Bg6 {[%clk 01:32:26]}
{[%emt 00:00:05]} 13. Qxb7 {[%clk 01:29:10]} {[%emt 00:01:04]} Bd6 {[%clk
01:31:54]} {[%emt 00:01:00]} 14. Qc6+ {[%clk 01:28:57]} {[%emt 00:00:45]} Kf8
{[%clk 01:32:17]} {[%emt 00:00:06]} 15. Re1 {[%clk 01:28:30]} {[%emt 00:00:56]}
h6 {[%clk 01:32:22]} {[%emt 00:00:27]} 16. Be3 {[%clk 01:28:23]} {[%emt
00:00:39]} Bh7 {[%clk 01:32:01]} {[%emt 00:00:51]} 17. a3 {[%clk 01:28:19]}
{[%emt 00:00:34]} Qe8 {[%clk 01:30:39]} {[%emt 00:01:47]} 18. Qxe8+ {[%clk
01:28:35]} {[%emt 00:00:18]} Rxe8 {[%clk 01:30:52]} {[%emt 00:00:17]} 19. Bxa7
{[%clk 01:28:21]} {[%emt 00:00:44]} c5 {[%clk 01:31:18]} {[%emt 00:00:03]} 20.
b4 {[%clk 01:28:04]} {[%emt 00:00:48]} cxb4 {[%clk 01:31:41]} {[%emt 00:00:07]}
21. axb4 {[%clk 01:28:28]} {[%emt 00:00:05]} Bxb4 {[%clk 01:31:32]} {[%emt
00:00:40]} 22. Bd4 {[%clk 01:27:12]} {[%emt 00:01:46]} Rg8 {[%clk 01:30:59]}
{[%emt 00:01:02]} 23. Bxe5 {[%clk 01:26:40]} {[%emt 00:01:03]} Rxe5 {[%clk
01:30:34]} {[%emt 00:00:53]} 24. Rxe5 {[%clk 01:26:44]} {[%emt 00:00:27]} f6
{[%clk 01:29:03]} {[%emt 00:02:02]} 25. Ra8+ {[%clk 01:18:59]} {[%emt
00:08:15]} Kf7 {[%clk 01:29:22]} {[%emt 00:00:09]} 26. Rxg8 {[%clk 01:18:54]}
{[%emt 00:00:35]} Bxg8 {[%clk 01:29:34]} {[%emt 00:00:19]} 27. Nd5 {[%clk
01:18:41]} {[%emt 00:00:43]} fxe5 {[%clk 01:29:25]} {[%emt 00:00:38]} 28. Nxb4
{[%clk 01:18:59]} {[%emt 00:00:13]} Bh7 {[%clk 01:28:32]} {[%emt 00:01:23]} 29.
c4 {[%clk 01:18:49]} {[%emt 00:00:40]} Ke6 {[%clk 01:28:55]} {[%emt 00:00:06]}
30. c5 {[%clk 01:18:57]} {[%emt 00:00:22]} Kd7 {[%clk 01:28:51]} {[%emt
00:00:32]} 31. c6+ {[%clk 01:19:20]} {[%emt 00:00:09]} Kc7 {[%clk 01:28:48]}
{[%emt 00:00:23]} 32. Kg2 {[%clk 01:19:26]} {[%emt 00:00:34]} Bg6 {[%clk
01:27:35]} {[%emt 00:01:42]} 33. Kg3 {[%clk 01:19:39]} {[%emt 00:00:15]} Be8
{[%clk 01:27:21]} {[%emt 00:00:47]} 34. f4 {[%clk 01:19:37]} {[%emt 00:00:32]}
exf4+ {[%clk 01:27:15]} {[%emt 00:00:35]} 35. Kxf4 {[%clk 01:19:53]} {[%emt
00:00:15]} Kd6 {[%clk 01:26:08]} {[%emt 00:01:26]} 36. Ke4 {[%clk 01:19:56]}
{[%emt 00:00:37]} Kc5 {[%clk 01:26:08]} {[%emt 00:00:27]} 37. c7 {[%clk
01:19:09]} {[%emt 00:01:21]} Bd7 {[%clk 01:26:16]} {[%emt 00:00:20]} 38. Na6+
{[%clk 01:19:23]} {[%emt 00:00:18]} Kb6 {[%clk 01:25:47]} {[%emt 00:00:55]} 39.
Kd5 {[%clk 01:19:06]} {[%emt 00:00:51]} Kxa6 {[%clk 01:25:32]} {[%emt
00:00:44]} 40. Kd6 {[%clk 01:19:26]} {[%emt 00:00:10]} Bc8 {[%clk 01:25:49]}
{[%emt 00:00:12]} 41. Ke7 {[%clk 01:19:36]} {[%emt 00:00:21]} g6 {[%clk
01:23:32]} {[%emt 00:02:46]} 42. Kd8 {[%clk 01:19:40]} {[%emt 00:00:27]} Kb7
{[%clk 01:23:37]} {[%emt 00:00:22]} 43. d4 {[%clk 01:19:56]} {[%emt 00:00:19]}
h5 {[%clk 01:20:30]} {[%emt 00:03:35]} 44. gxh5 {[%clk 01:20:14]} {[%emt
00:00:12]} gxh5 {[%clk 01:20:38]} {[%emt 00:00:22]} 45. h4 {[%clk 01:20:39]}
{[%emt 00:00:06]} Bg4 {[%clk 01:20:35]} {[%emt 00:00:33]} 46. d5 {[%clk
01:20:33]} {[%emt 00:00:36]} Bf5 {[%clk 01:19:38]} {[%emt 00:01:26]} 47. d6
{[%clk 01:20:54]} {[%emt 00:00:11]} Kc6 {[%clk 01:19:19]} {[%emt 00:00:48]} 48.
Ke7 {[%clk 01:19:07]} {[%emt 00:02:18]} Bg4 {[%clk 01:19:23]} {[%emt 00:00:27]}
49. Kf6 {[%clk 01:17:42]} {[%emt 00:01:55]} Kxd6 {[%clk 01:19:32]} {[%emt
00:00:18]} 50. Kg5 {[%clk 01:18:06]} {[%emt 00:00:10]} Kxc7 {[%clk 01:19:28]}
{[%emt 00:00:33]} 51. Kf4 {[%clk 01:17:49]} {[%emt 00:00:48]} Kd6 {[%clk
01:19:42]} {[%emt 00:00:16]} 52. Ke4 {[%clk 01:17:33]} {[%emt 00:00:45]} Ke6
{[%clk 01:20:00]} {[%emt 00:00:12]} 53. Kf4 {[%clk 01:17:25]} {[%emt 00:00:38]}
Kd5 {[%clk 01:20:18]} {[%emt 00:00:11]} 54. Kg3 {[%clk 01:16:55]} {[%emt
00:01:01]} Ke4 {[%clk 01:20:31]} {[%emt 00:00:14]} 55. Kh2 {[%clk 01:15:49]}
{[%emt 00:00:57]} 0-1